[Event "Rottach Egern Seniors Cup 11th"]
[Site "Rottach Egern"]
[Date "2023.04.17"]
[Round "3"]
[White "Hellmann, Thomas"]
[Black "Onasch, Gunnar"]
[Result "0-1"]
[WhiteElo "1738"]
[BlackElo "1939"]
[PlyCount "140"]
[EventDate "2023.04.15"]
[EventType "swiss"]
[EventRounds "9"]
[EventCountry "GER"]
[SourceTitle "EXT 2024"]
[Source "ChessBase"]
[SourceDate "2023.10.10"]
[SourceVersion "1"]
[SourceVersionDate "2023.10.10"]
[SourceQuality "1"]

1. c4 c5 2. g3 g6 3. Bg2 Bg7 4. Nc3 Nc6 5. Nf3 e5 6. d3 Nge7 7. 0-0 d6 8. a3 Rb8 9. Rb1 a6 10. b4 cxb4 11. axb4 b5 12. cxb5 axb5 13. Ne1 0-0 14. Nc2 d5 15. f4 e4 16. d4 Be6 17. e3 Qd7 18. Na3 Na7 19. Rf2 Nf5 20. Bf1 Nd6 21. Bd2 Rfe8 22. Be1 Bg4 23. Be2 Bxe2 24. Rxe2 Nc4 25. Nc2 Nc8 26. Na2 N8b6 27. Nc1 Ra8 28. Nb3 Ra2 29. Nc5 Qa7 30. Bc3 Na4 31. Nxa4 Qxa4 32. Kf2 Rc8 33. Ra1 Nxe3 34. Nxe3 Qxd1 35. Nxd1 Rxa1 36. Bxa1 Rc1 37. Nc3 Bxd4+ 38. Kg2 Bxc3 39. Bxc3 Rxc3 40. Rd2 Rc4 41. Rxd5 Rxb4 42. f5 Rb2+ 43. Kg1 Kg7 44. Re5 gxf5 45. Rxf5 Kg6 46. g4 e3 47. Re5 e2 48. Kf2 f6 49. Rc5 e1Q+ 50. Kxe1 Rxh2 51. Rxb5 Rg2 52. Kf1 Rxg4 53. Kf2 f5 54. Kf3 Kg5 55. Rb1 h5 56. Rb8 Rf4+ 57. Kg3 h4+ 58. Kh3 Rf3+ 59. Kh2 Rg3 60. Rg8+ Kf4 61. Rh8 Rg4 62. Ra8 Rg3 63. Ra4+ Kg5 64. Ra5 Kg4 65. Ra4+ f4 66. Rb4 Re3 67. Rb1 Re2+ 68. Kh1 f3 69. Rb4+ Kg3 70. Rb1 Rh2+ 0-1

[Event "Bodensee op Seniors 6th"]
[Site "Bregenz"]
[Date "2022.05.28"]
[Round "7"]
[White "Hellmann, Thomas"]
[Black "Zirlik, Rudi"]
[Result "1-0"]
[WhiteElo "1864"]
[BlackElo "1712"]
[PlyCount "57"]
[EventDate "2022.05.22"]
[EventType "swiss"]
[EventRounds "7"]
[EventCountry "AUT"]
[SourceTitle "CBM 208 Extra"]
[Source "ChessBase"]
[SourceDate "2022.07.31"]
[SourceVersion "1"]
[SourceVersionDate "2022.07.31"]
[SourceQuality "1"]

1. c4 f5 2. g3 Nf6 3. Bg2 e6 4. Nc3 Be7 5. d3 0-0 6. Nf3 d5 7. cxd5 exd5 8. d4 c6 9. 0-0 Na6 10. Ne5 Nc7 11. Bg5 Qe8 12. e3 Bd6 13. Bxf6 Rxf6 14. f4 Be6 15. Qb3 Rh6 16. Qxb7 Rb8 17. Qxc6 Qh5 18. Nf3 Rb6 19. Qa4 Rxb2 20. Rab1 Rxb1 21. Rxb1 Ne8 22. h3 Nf6 23. Ng5 Ne4 24. Ncxe4 fxe4 25. Nxe6 Rxe6 26. Qd7 Rg6 27. Qd8+ Bf8 28. g4 Qh6 29. Rb8 1-0

[Event "Arco op 43rd"]
[Site "Arco"]
[Date "2021.10.16"]
[Round "8"]
[White "Hellmann, Thomas"]
[Black "Meyer, Thorsten1111"]
[Result "1/2-1/2"]
[WhiteElo "1842"]
[BlackElo "1971"]
[PlyCount "39"]
[EventDate "2021.10.09"]
[EventType "swiss"]
[EventRounds "9"]
[EventCountry "ITA"]
[SourceTitle "CBM 204 Extra"]
[Source "ChessBase"]
[SourceDate "2021.11.30"]
[SourceVersion "1"]
[SourceVersionDate "2021.11.30"]
[SourceQuality "1"]

1. c4 e5 2. g3 g6 3. Bg2 Bg7 4. Nc3 Ne7 5. Nf3 Nbc6 6. 0-0 0-0 7. a3 Nd4 8. d3 c6 9. e3 Nxf3+ 10. Bxf3 d6 11. Bg2 Qc7 12. Qe2 Bd7 13. e4 Rae8 14. Be3 f5 15. f4 fxe4 16. dxe4 Be6 17. Rad1 Rd8 18. Qd3 b6 19. b4 a6 20. fxe5 1/2-1/2

[Event "Ruhrgebiet Verbandsklasse Gruppe 1 1415"]
[Site "Germany"]
[Date "2014.09.21"]
[Round "1"]
[White "Hellmann, Thomas"]
[Black "Hater, Norbert"]
[Result "0-1"]
[WhiteElo "1753"]
[BlackElo "1947"]
[PlyCount "53"]
[EventDate "2014.09.21"]
[EventType "team-tourn"]
[EventRounds "9"]
[EventCountry "GER"]
[SourceTitle "EXT 2022"]
[Source "ChessBase"]
[SourceDate "2021.10.06"]
[SourceVersion "1"]
[SourceVersionDate "2021.10.06"]
[SourceQuality "1"]
[WhiteTeam "Oberhausen SW"]
[BlackTeam "Hervest Dorsten"]
[WhiteTeamCountry "GER"]
[BlackTeamCountry "GER"]

1. c4 g6 2. g3 Bg7 3. Bg2 d6 4. Nf3 Nc6 5. Nc3 e5 6. Rb1 a5 7. a3 Nge7 8. b4 axb4 9. axb4 Bf5 10. d3 Qc8 11. 0-0 Bh3 12. Nb5 Bxg2 13. Kxg2 0-0 14. e4 Qd7 15. Bd2 Nd8 16. Ra1 Ne6 17. Qb3 c6 18. Nc3 h6 19. Ra4 Rxa4 20. Qxa4 f5 21. h4 f4 22. g4 Nc5 23. bxc5 Qxg4+ 24. Kh2 Qxf3 25. cxd6 Qg4 26. dxe7 f3 27. exf8Q+ 0-1

[Event "Ruhrgebiet VK1 1112"]
[Site "Nordrheinwestfalen"]
[Date "2011.11.13"]
[Round "3"]
[White "Funke, Eckhard"]
[Black "Hellmann, Thomas"]
[Result "1/2-1/2"]
[WhiteElo "1865"]
[BlackElo "1785"]
[PlyCount "80"]
[EventDate "2012.09.18"]
[EventType "team-tourn"]
[EventRounds "9"]
[EventCountry "GER"]
[SourceTitle "EXT 2020"]
[Source "ChessBase"]
[SourceDate "2019.10.17"]
[SourceVersion "1"]
[SourceVersionDate "2019.10.17"]
[SourceQuality "1"]
[WhiteTeam "Hoentrop SG"]
[BlackTeam "Oberhausen SW"]
[WhiteTeamCountry "GER"]
[BlackTeamCountry "GER"]

1. d4 d6 2. c4 e5 3. dxe5 dxe5 4. Qxd8+ Kxd8 5. Nf3 f6 6. g3 Be6 7. b3 a5 8. Nc3 c6 9. Bg2 Bb4 10. Bd2 Nd7 11. 0-0 Kc7 12. Rfd1 Nh6 13. Ne4 Bxd2 14. Rxd2 Nf7 15. Rad1 Rhd8 16. Ne1 a4 17. Nd3 axb3 18. axb3 Ra3 19. Ndc5 Nxc5 20. Nxc5 Bc8 21. Rxd8 Nxd8 22. Rb1 Ne6 23. Nxe6+ Bxe6 24. Bf1 Bf5 25. Rb2 Ra1 26. Kg2 c5 27. f3 Rb1 28. Ra2 Rxb3 29. e4 Be6 30. Rc2 Ra3 31. Kf2 b5 32. cxb5 Ra2 33. Rxa2 Bxa2 34. Ke3 c4 35. Kd2 Kb6 36. Kc3 Kxb5 37. Bh3 Bb1 38. Bd7+ Kc5 39. Be6 Bd3 40. Bg8 h6 1/2-1/2

[Event "Dortmund op-B"]
[Site "Dortmund"]
[Date "2007.06.29"]
[Round "7"]
[White "Ziemek, Gerhard"]
[Black "Hellmann, Thomas"]
[Result "1/2-1/2"]
[WhiteElo "1675"]
[BlackElo "1831"]
[PlyCount "70"]
[EventDate "2007.06.22"]
[EventType "swiss"]
[EventRounds "9"]
[EventCountry "GER"]
[SourceTitle "EXT 2008"]
[Source "ChessBase"]
[SourceDate "2007.11.25"]
[SourceVersion "1"]
[SourceVersionDate "2007.11.25"]
[SourceQuality "1"]

1. d4 d6 2. e4 Nf6 3. Nc3 e5 4. dxe5 dxe5 5. Qxd8+ Kxd8 6. Nf3 Bd6 7. Bg5 c6 8. 0-0-0 Ke7 9. h3 Be6 10. Bd3 Nbd7 11. g3 Bc5 12. Rd2 Bb4 13. Ne1 b5 14. f4 Bxc3 15. bxc3 Bxa2 16. Nf3 h6 17. Bh4 Ke8 18. fxe5 Ng8 19. g4 g5 20. Bg3 Be6 21. Nd4 Ne7 22. Rf1 Rc8 23. Nf5 Nxf5 24. exf5 Bd5 25. Re1 Nc5 26. e6 Nxd3+ 27. cxd3 fxe6 28. fxe6 Rf8 29. c4 Rf3 30. Bd6 bxc4 31. dxc4 Bxc4 32. Re4 Bd5 33. Re5 Rd8 34. Bc7 Rc8 35. Bd6 Rd8 1/2-1/2

[Event "Duisburg Grossenbaum op"]
[Site "Duisburg"]
[Date "2006.06.03"]
[Round "3"]
[White "Hellmann, Thomas"]
[Black "Schwarz, Ingo"]
[Result "1-0"]
[WhiteElo "1781"]
[BlackElo "2004"]
[PlyCount "53"]
[EventDate "2006.06.02"]
[EventType "swiss"]
[EventRounds "7"]
[EventCountry "GER"]
[SourceTitle "EXT 2007"]
[Source "ChessBase"]
[SourceDate "2006.11.23"]
[SourceVersion "1"]
[SourceVersionDate "2006.11.23"]
[SourceQuality "1"]

1. e4 g6 2. d4 Bg7 3. Be3 d6 4. Nf3 Nc6 5. d5 Ne5 6. Nxe5 dxe5 7. Bb5+ Bd7 8. c4 Nf6 9. Bxd7+ Qxd7 10. f3 h5 11. Qb3 b6 12. Na3 0-0 13. 0-0 c5 14. Nb5 Ne8 15. a4 Nd6 16. a5 Rab8 17. axb6 axb6 18. Ra7 Rb7 19. Rfa1 Rfb8 20. Rxb7 Rxb7 21. Ra8+ Kh7 22. Qa4 f5 23. Nxd6 Qxd6 24. Qe8 f4 25. Bf2 Rd7 26. Bh4 Kh6 27. Rc8 1-0

[Event "Duisburg Grossenbaum op"]
[Site "Duisburg"]
[Date "2006.06.03"]
[Round "2"]
[White "Rolle, Harald"]
[Black "Hellmann, Thomas"]
[Result "0-1"]
[WhiteElo "1360"]
[BlackElo "1781"]
[PlyCount "52"]
[EventDate "2006.06.02"]
[EventType "swiss"]
[EventRounds "7"]
[EventCountry "GER"]
[SourceTitle "EXT 2007"]
[Source "ChessBase"]
[SourceDate "2006.11.23"]
[SourceVersion "1"]
[SourceVersionDate "2006.11.23"]
[SourceQuality "1"]

1. e4 d6 2. d4 e5 3. dxe5 dxe5 4. Qxd8+ Kxd8 5. Bc4 Be6 6. Bxe6 fxe6 7. Nf3 Bd6 8. Nc3 Nf6 9. h3 Ke7 10. Bg5 Nc6 11. 0-0-0 a6 12. Bh4 b5 13. g4 Kf7 14. Nd2 Bb4 15. g5 Nh5 16. Ndb1 Nd4 17. Rhe1 Nf3 18. Rd7+ Kg6 19. Red1 Nxh4 20. Rxc7 Rhd8 21. Rg1 Nf3 22. Rg4 Rd6 23. a3 Ba5 24. Re7 Rad8 25. h4 Nf4 26. Ra7 Ne2+ 0-1

[Event "Dortmund op-B"]
[Site "Dortmund"]
[Date "2005.07.17"]
[Round "9"]
[White "Liu, Xiao You"]
[Black "Hellmann, Thomas"]
[Result "1-0"]
[WhiteElo "1887"]
[BlackElo "1633"]
[PlyCount "47"]
[EventDate "2005.07.08"]
[EventType "swiss"]
[EventRounds "9"]
[EventCountry "GER"]
[SourceTitle "CBM 107 Extra"]
[Source "ChessBase"]
[SourceDate "2005.09.01"]
[SourceVersion "1"]
[SourceVersionDate "2005.09.01"]
[SourceQuality "1"]

1. b3 d6 2. Bb2 e5 3. e3 f5 4. Qh5+ g6 5. Qe2 Bg7 6. g3 Qe7 7. Bg2 e4 8. Nc3 Nf6 9. Nh3 Bd7 10. Nf4 Bc6 11. a4 a6 12. h4 Nbd7 13. h5 g5 14. h6 gxf4 15. hxg7 Qxg7 16. exf4 0-0-0 17. b4 Nb6 18. b5 axb5 19. Nxb5 Bxb5 20. Qxb5 d5 21. a5 Nc4 22. a6 b6 23. Bd4 c5 24. Qc6+ 1-0

[Event "Dortmund op-B"]
[Site "Dortmund"]
[Date "2005.07.10"]
[Round "3"]
[White "Heyder, Siegfried"]
[Black "Hellmann, Thomas"]
[Result "0-1"]
[WhiteElo "1366"]
[BlackElo "1633"]
[PlyCount "108"]
[EventDate "2005.07.08"]
[EventType "swiss"]
[EventRounds "9"]
[EventCountry "GER"]
[SourceTitle "CBM 107 Extra"]
[Source "ChessBase"]
[SourceDate "2005.09.01"]
[SourceVersion "1"]
[SourceVersionDate "2005.09.01"]
[SourceQuality "1"]

1. e4 d6 2. d4 Nf6 3. Bd3 e5 4. c3 Be7 5. h3 0-0 6. Nf3 exd4 7. cxd4 c5 8. Be3 Qb6 9. Qc2 Nc6 10. dxc5 Qa5+ 11. Nc3 Nb4 12. Qb1 Nxd3+ 13. Qxd3 dxc5 14. 0-0 Rd8 15. Qc2 Be6 16. Ng5 Bc4 17. Rfd1 h6 18. Nf3 Rac8 19. b3 Be6 20. Bd2 Qa6 21. Qb2 Qb6 22. Be3 Qb4 23. Bd2 Qb6 24. Be3 Qc7 25. Nd2 a6 26. a4 Qc6 27. f4 b5 28. f5 b4 29. fxe6 bxc3 30. exf7+ Kf8 31. Qxc3 Nxe4 32. Nxe4 Rxd1+ 33. Rxd1 Qxe4 34. Rf1 Bf6 35. Bxc5+ Kxf7 36. Rxf6+ gxf6 37. b4 Rd8 38. Qb3+ Qd5 39. Qg3 Qd1+ 40. Kh2 Qxa4 41. Qf3 Qe8 42. Be3 Qe5+ 43. Bf4 Qf5 44. Qb3+ Kg7 45. Qg3+ Kh7 46. Qe3 Rd7 47. Qc1 Rd4 48. Qc7+ Qd7 49. Qc1 Rxb4 50. Bxh6 Qd6+ 51. g3 Qb6 52. h4 Qe6 53. g4 Rb3 54. Kg2 Qe2+ 0-1

[Event "Dortmund op-B"]
[Site "Dortmund"]
[Date "2005.07.09"]
[Round "2"]
[White "Hellmann, Thomas"]
[Black "Weber, Thomas"]
[Result "0-1"]
[WhiteElo "1633"]
[BlackElo "1852"]
[PlyCount "29"]
[EventDate "2005.07.08"]
[EventType "swiss"]
[EventRounds "9"]
[EventCountry "GER"]
[SourceTitle "CBM 107 Extra"]
[Source "ChessBase"]
[SourceDate "2005.09.01"]
[SourceVersion "1"]
[SourceVersionDate "2005.09.01"]
[SourceQuality "1"]

1. e4 e6 2. d4 d5 3. e5 c5 4. c3 Nc6 5. Nf3 Bd7 6. a3 f6 7. exf6 Nxf6 8. Bd3 Qc7 9. 0-0 c4 10. Bc2 Bd6 11. b3 cxb3 12. Bxb3 Na5 13. Ba2 0-0 14. Nbd2 Qxc3 15. Re1 0-1

[Event "Dortmund op-B"]
[Site "Dortmund"]
[Date "2004.07.28"]
[Round "6"]
[White "Hellmann, Thomas"]
[Black "Mainka, Walter"]
[Result "1-0"]
[WhiteElo "1753"]
[BlackElo "1546"]
[PlyCount "108"]
[EventDate "2004.07.??"]
[EventType "swiss"]
[EventRounds "9"]
[EventCountry "GER"]
[SourceTitle "EXT 2006"]
[Source "ChessBase"]
[SourceDate "2005.11.24"]
[SourceVersion "1"]
[SourceVersionDate "2005.11.24"]
[SourceQuality "1"]

1. g3 d5 2. Bg2 c5 3. c4 d4 4. b4 e6 5. bxc5 Bxc5 6. Qb3 Qb6 7. Qxb6 Bxb6 8. Ba3 Nc6 9. f4 a5 10. Bxc6+ bxc6 11. c5 Bd8 12. d3 Bf6 13. Nd2 g6 14. Ngf3 Ne7 15. Ne4 Bg7 16. Nd6+ Kf8 17. Ng5 h6 18. Ngxf7 Rh7 19. Nxc8 Kxf7 20. Nxe7 Kxe7 21. Rb1 Ra7 22. Rb6 Kd7 23. Kf2 Rh8 24. Rhb1 Rc8 25. Kf3 e5 26. Bc1 h5 27. Ke4 exf4 28. Rb7+ Rc7 29. Rxc7+ Kxc7 30. Bxf4+ Kd7 31. Be5 Bh6 32. Bb8 Ra8 33. Kxd4 a4 34. Kc4 a3 35. h4 Bd2 36. d4 Ke6 37. Kd3 Ba5 38. e4 Bd8 39. Kc4 Bf6 40. d5+ cxd5+ 41. exd5+ Kd7 42. Rb3 Ra4+ 43. Kb5 Ra8 44. c6+ Kc8 45. Bf4 Bd8 46. Kc5 Ra5+ 47. Rb5 Ra8 48. d6 Bf6 49. d7+ Kd8 50. Bg5 Bxg5 51. hxg5 Ke7 52. Kb6 Rb8+ 53. Ka6 Rf8 54. Kb7 Kd6 1-0